| 000 | 00911nam a2200289 i 4500 | ||
|---|---|---|---|
| 001 | 187588 | ||
| 003 | ES-MaACL | ||
| 005 | 20231214100607.0 | ||
| 008 | 171204s2008 sp a |||| | spa d | ||
| 020 | _a978-84-9867-354-8 | ||
| 080 | _a159.922.1-055.2 | ||
| 080 | _a612.82 | ||
| 100 | 1 |
_aBrizendine, Louann. _9163880 |
|
| 245 | 1 | 0 |
_aEl cerebro femenino / _cLouann Brizendine; traducción de Mª José Buxó. |
| 250 | _a1ª ed. de bolsillo. | ||
| 260 |
_aBarcelona : _bRBA, _c2008. |
||
| 300 |
_a357 p. : _bil. ; _c20 cm. |
||
| 490 | 1 | _aRBA bolsillo | |
| 500 | _aÍndice analítico p. 347 - 357. | ||
| 504 | _aBibliografía: p. 267-345. | ||
| 650 | 0 | 4 |
_aMujeres- _xPsicología. _915309 |
| 650 | 4 |
_aCerebro- _xFisiología. _910904 |
|
| 830 | 0 |
_aRBA bolsillo _9225578 |
|
| 852 |
_aES-MaACL _jA-14105 _9194674 _bR.151463 _cDEPO1 _dOlim: N-7105 |
||
| 942 |
_2udc _cMONOGRAFIA |
||
| 999 |
_c187588 _d187588 |
||